000 00825nam a2200265Ia 4500
001 Para_94
003 CHAP
008 220125s1981 xx 000 0 und d
010 _a198818
040 _cCHAP
090 _aPA FOLLETO 103
110 _aInstituto Nacional de Investigaciones Agrícolas (México). CIAB
_9164111
245 _aLogros y aportaciones de la investigación agrícola en el Estado de Querétaro /
_c por INIA. CIAB
260 _aMéxico :
_b El Instituto
300 _a43 p.
650 _aAgricultura
_xInvestigación
_xQuerétaro
_91664
650 _aQuerétaro
_xAgricultura
_xInvestigación
_9164112
901 _aPA FOLLETO 103
902 _aA
905 _a0000001981 a 0000000000 00
910 _a1981
942 _cPARA
942 _cPARA
_d1
999 _c198818
_d198818